| 000 | 00725nam a2200217 a 4500 | ||
|---|---|---|---|
| 005 | 20240924071344.0 | ||
| 008 | 991125s1994 mx 000 0 spa u | ||
| 020 | _a9682976529 | ||
| 035 | _aUPN01000002626 | ||
| 049 | _aCG | ||
| 050 | 4 |
_aLC5309 U59 _bP8001-3 1994 AC |
|
| 245 | 1 | 0 |
_aAnálisis de la práctica docente propia : _bantología complementaria / _ccoord. Xóchitl Leticia Moreno Fernández. |
| 260 |
_aMéxico : _bUPN, _c1994. |
||
| 300 | _a106 p. | ||
| 500 | _a"Licenciatura en educación Plan 1994" | ||
| 650 | 4 |
_aMaestros _xFormación profesional _9804 |
|
| 650 | 4 |
_aPrácticas de la enseñanza _92849 |
|
| 700 | 1 |
_aMoreno Fernández, Xóchitl Leticia, _ecoord. _929396 |
|
| 905 | _aLibro | ||
| 999 |
_c2626 _d2626 |
||